000 00437cam a2200193 4500
001 D8621
008 090401t1977 xxu||||| |||| 00| 0 eng d
035 _a(Sirsi) u14181
041 _aeng
050 _a624.05
100 _aSeeley, Ivor Hugh
245 _aCivil engineering quantities
250 _a3rd
260 _aLondon
_bMacMillan
_c1977
300 _avii. 242p. 24cm
350 _a5.95
942 _n0
948 _c04/03/1997
999 _c87155
_d87155